Biochemistry and clinical pathology. Theory and practical

Saved in:
Bibliographic Details
Main Author: PILLAI, K.K. JS Qadry
Format: Book
Language:English
Published: CBS Publishers. 2019.
Tags: Add Tag
No Tags, Be the first to tag this record!

MARC

LEADER 00000nam a22000007a 4500
008 210916b ||||| |||| 00| 0 eng d
020 |a 8123902891 
100 |a PILLAI, K.K.  |a JS Qadry 
245 |a Biochemistry and clinical pathology.  |b Theory and practical  |c K.K. Pillai.{and] J.S. Qadry.  |g xi,172p:ill. 
260 |b CBS Publishers.  |c 2019.  |d Book.  |h New Delhi  |i 697104  |i 697105  |l RC 382.P64  |m Parkinsons disease 
942 |a lcc  |c BK  |e Olagoke,M..A.  |f 16/09/2021. 
999 |c 2005  |d 2005